000 00258nam a2200097Ia 4500
001 1200546
005 20250827022615.0
008 250824s9999 xx 000 0 und d
245 0 _aBİR DİLEKLE BAŞLADI HERŞEY
_cDEBBIE MACOMBER
260 _bMARTI YAYINCILIK
999 _c1200546
_d1200546